| 000 | 01500cam a2200325 4500 | ||
|---|---|---|---|
| 002 | ##1094 | ||
| 008 | 090401t1995 xxu||||| |||| 00| 0 eng d | ||
| 020 | _a0854066802 | ||
| 035 | _a(Sirsi) u61564 | ||
| 041 | 0 | _aeng | |
| 050 | 0 | 4 | _a368.56 $2 18 |
| 090 | _aRICS 1995/44ABCD | ||
| 110 | 2 |
_aRoyal Institution of Chartered Surveyors _94900 |
|
| 245 | 0 | 0 | _aIntroductory guidance to insurance under building contracts |
| 250 | _a2nd ed. | ||
| 260 |
_aLondon _bRICS _c1995 |
||
| 300 |
_a25p. _c30cm. |
||
| 350 | _a9.95 | ||
| 490 | 0 | _aRICS Guidance Note | |
| 520 | _aEnables users of JCT contracts to gain a basic knowledge of the principles underlying insurance clauses. Considers the types of risk involved in a building contract and the the likely insurance provisions required. Covers insurance under the GC/Works contracts and subcontractors insurance as well as associated building insurance matters such as performance bonds and professional indemnity insurance. | ||
| 520 | _aWithdrawn 1 August 2006. | ||
| 650 | 2 | 4 | _aJCT STANDARD FORM OF BUILDING CONTRACT (1980 EDITION) |
| 650 | 2 | 4 | _aJCT INTERMEDIATE FORM OF BUILDING CONTRACT (1984 EDITION) |
| 650 | 2 | 4 | _aJCT MINOR WORKS AGREEMENT (1980 EDITION) |
| 650 | 2 | 4 | _aBUILT ENVIRONMENT-BUILDING CONTRACT FORMS-STANDARD FORMS OF BUILDING CONTRACT-GC/WORKS CONTRACTS |
| 651 | 4 |
_aEngland and Wales _y1543- |
|
| 690 | _aBUILT ENVIRONMENT-CONSTRUCTION MANAGEMENT-BUILDING CONTRACT ADMINISTRATION | ||
| 942 | _n0 | ||
| 948 | _c04/03/1997 | ||
| 999 |
_c94323 _d94323 |
||